000 00626nam a2200193Ia 4500
003 GCL
008 140319s9999 xx 000 0 ara d
040 _aGCL /
_cGCL
082 0 4 _a811.9
_bهـ ع
100 1 _aهانون هاشم رشيد
245 1 0 _aعصافير الشوك: مسرحية شعرية عن الانتفاضة /
_cهانون هاشم رشيد
260 _a[S.N] :
_bدار المستقبل العربى ،
_c1989
300 _a125 ص
490 _aاشعار فلسطينية
_v0
650 0 4 _aالشعر العربى
650 0 4 _aالادب العربى
650 0 4 _aفلسطين
942 _2ddc
_cBK
999 _c55452
_d55452